000 00522nam a2200193Ia 4500
005 20250610093649.0
008 008 250516s9999 xx 000 0 eng d
020 _a9781804293980
040 _beng
_cSDCL
041 _aeng
_2eng
084 _aV:(G:55) R4
100 _aMalm, Andreas
_9809771
245 0 _aOvershoot :
_bHow the world surrendered to climate breakdown
260 _aLondon :
_bVerso,
_c2024.
300 _axiii, 401p.
650 _aHistory
700 _aCarton, Wim
_9809772
942 _cTEXL
_2CC
999 _c1429859
_d1429859